000 00483nam a2200169 i 4500
001 33770
003 ES-MaACL
005 20230906154822.0
007 t|
008 030203s1970 sp ||||1| spa d
100 1 _aBoeckle, Franz.
_929724
245 1 3 _aEl celibato /
_cFranz Böckle ; [versión... de Daniel Ruiz Bueno].
260 _aBarcelona :
_bHerder,
_c[1970]
300 _a272 p. ;
_c20 cm.
700 1 _aRuiz Bueno, Daniel.
_9100677
852 _aES-MaACL
_jC-51106
_bR.74989
999 _c33770
_d33770